LEADER 00949nas a2200229 i 4500 001 000000142009 003 CaOOAMICUS 005 20051216000000.0 008 050819b2005 it uu s u0 0ita r 013 $a116914 040 $aSeMil$bita 245 12$aL'attesa del Signore. 260 $a[Roma] :$bSIAE, Espressione Edizioni Musicali,$ccopyr. 2005. 260 $aLeumann (Torino) :$bElledici,$ccopyr. 2005. 500 $aAllegato al N. 3/2005. 773 0 $tArmonia di Voci.$dLeumann : Elle Di Ci, 1946-2013.$x0391-5425$w()1921 850 $aSeMil 852 $aSeMil$W1$xVenegono$y1$m100 6 41/3 CD$j95205$B95205$CSeMilBibl$Z2$F107030 $85 961 $aAbbonamento: Centro Editoriale Dehoniano 996 $6245$aL'attesa del Signore$9(OLS)http://semarc/title/207580 996 $6260$aLeumann (Torino) :$bElledici$9(OLS)http://semarc/publisher/31236 996 $6260$a[Roma] :$bSIAE, Espressione Edizioni Musicali$9(OLS)http://semarc/publisher/44376 LEADER 00884nam a2200193 i 4500 001 000000136176 003 CaOOAMICUS 005 20161130000000.0 008 161130s1855 it u000 u ita u 013 $a109655 040 $aSeMil$bita 245 10$aAtti e discussioni seguite alla Camera dei deputati riguardanti il progetto di legge per la formazione del catasto stabile. 260 $aTorino :$bStamperia Reale,$c1855. 300 $a789 p. ;$c24 cm. 710 1 $aItalia : Camera dei Deputati.$0(OLS)http://semarc/name/2764 850 $aSeMil 852 $aSeMil$W1$xVenegono$y1$m3L V 79 FA$j89794$B89794$CSeMilBibl$Z2$F214635 $8I 996 $6245$aAtti e discussioni seguite alla Camera dei deputati riguardanti il progetto di legge per la formazione del catasto stabile$9(OLS)http://semarc/title/198985 996 $6260$aTorino :$bStamperia Reale$9(OLS)http://semarc/publisher/34077